<?xml version="1.0" encoding="UTF-8"?>
<record
    xmlns:xsi="http://www.w3.org/2001/XMLSchema-instance"
    xsi:schemaLocation="http://www.loc.gov/MARC21/slim http://www.loc.gov/standards/marcxml/schema/MARC21slim.xsd"
    xmlns="http://www.loc.gov/MARC21/slim">

  <leader>00911nam a22002657a 4500</leader>
  <controlfield tag="005">20170123162349.0</controlfield>
  <datafield tag="010" ind1=" " ind2=" ">
    <subfield code="a">A-794936</subfield>
  </datafield>
  <datafield tag="020" ind1=" " ind2=" ">
    <subfield code="c">40.00</subfield>
  </datafield>
  <datafield tag="035" ind1=" " ind2=" ">
    <subfield code="a">A-794936</subfield>
  </datafield>
  <datafield tag="037" ind1=" " ind2=" ">
    <subfield code="b">Cen Lib/Ret</subfield>
  </datafield>
  <datafield tag="040" ind1=" " ind2=" ">
    <subfield code="a">DPL</subfield>
    <subfield code="b">UR</subfield>
  </datafield>
  <datafield tag="082" ind1=" " ind2=" ">
    <subfield code="a">848</subfield>
    <subfield code="b">&#x634; &#x645; &#x6CC; </subfield>
  </datafield>
  <datafield tag="100" ind1=" " ind2=" ">
    <subfield code="a">&#x634;&#x645;&#x6CC;&#x645; &#x62D;&#x646;&#x641;&#x6CC; </subfield>
    <subfield code="9">135259</subfield>
  </datafield>
  <datafield tag="245" ind1=" " ind2=" ">
    <subfield code="a">&#x633;&#x6CC;&#x627;&#x6C1; &#x641;&#x627;&#x645; &#x627;&#x62F;&#x628; /</subfield>
    <subfield code="c">&#x634;&#x645;&#x6CC;&#x645; &#x62D;&#x646;&#x641;&#x6CC; &#x648; &#x633;&#x6C1;&#x6CC;&#x644; &#x627;&#x62D;&#x645;&#x62F; &#x641;&#x627;&#x631;&#x648;&#x642;&#x6CC; </subfield>
  </datafield>
  <datafield tag="246" ind1=" " ind2=" ">
    <subfield code="a">Siyah fam adab /</subfield>
    <subfield code="b">by Shamim Hanfi [and] Suhail Ahmad Farooqi </subfield>
  </datafield>
  <datafield tag="260" ind1=" " ind2=" ">
    <subfield code="a">&#x646;&#x6CC;&#x6CC; &#x62F;&#x6C1;&#x644;&#x6CC; </subfield>
    <subfield code="b">&#x645;&#x6A9;&#x62A;&#x628;&#x6C1; &#x62C;&#x627;&#x645;&#x6C1; &#x644;&#x645;&#x6CC;&#x679;&#x688; </subfield>
    <subfield code="c">1995</subfield>
  </datafield>
  <datafield tag="270" ind1=" " ind2=" ">
    <subfield code="b">&#x646;&#x6CC;&#x6CC; &#x62F;&#x6C1;&#x644;&#x6CC; </subfield>
    <subfield code="a">&#x62C;&#x627;&#x645;&#x6C1; &#x646;&#x6AF;&#x631; </subfield>
    <subfield code="e">110025</subfield>
  </datafield>
  <datafield tag="300" ind1=" " ind2=" ">
    <subfield code="a">120p.</subfield>
    <subfield code="c">21cm(Hb)</subfield>
  </datafield>
  <datafield tag="650" ind1=" " ind2=" ">
    <subfield code="a">&#x627;&#x62F;&#x628; -- &#x627;&#x631;&#x62F;&#x648; </subfield>
    <subfield code="9">135260</subfield>
  </datafield>
  <datafield tag="650" ind1=" " ind2=" ">
    <subfield code="a">&#x627;&#x631;&#x62F;&#x648; &#x645;&#x636;&#x627;&#x645;&#x6CC;&#x646; </subfield>
    <subfield code="9">135261</subfield>
  </datafield>
  <datafield tag="650" ind1=" " ind2=" ">
    <subfield code="a">Literature -- Urdu</subfield>
    <subfield code="9">135262</subfield>
  </datafield>
  <datafield tag="650" ind1=" " ind2=" ">
    <subfield code="a">Urdu articles</subfield>
    <subfield code="9">135263</subfield>
  </datafield>
  <datafield tag="700" ind1=" " ind2=" ">
    <subfield code="a">&#x641;&#x627;&#x631;&#x648;&#x642;&#x6CC;&#x60C; &#x633;&#x6C1;&#x6CC;&#x644; &#x627;&#x62D;&#x645;&#x62F; </subfield>
    <subfield code="9">108766</subfield>
  </datafield>
  <datafield tag="942" ind1=" " ind2=" ">
    <subfield code="2">ddc</subfield>
    <subfield code="c">UR</subfield>
    <subfield code="h">848</subfield>
    <subfield code="m">&#x634; &#x645; &#x6CC; </subfield>
  </datafield>
  <datafield tag="999" ind1=" " ind2=" ">
    <subfield code="c">109091</subfield>
    <subfield code="d">109091</subfield>
  </datafield>
  <datafield tag="952" ind1=" " ind2=" ">
    <subfield code="0">0</subfield>
    <subfield code="1">0</subfield>
    <subfield code="4">0</subfield>
    <subfield code="7">0</subfield>
    <subfield code="a">L</subfield>
    <subfield code="b">L</subfield>
    <subfield code="d">2016-02-19</subfield>
    <subfield code="e">Cen Lib/Ret</subfield>
    <subfield code="g">40.00</subfield>
    <subfield code="l">0</subfield>
    <subfield code="o">848 &#x634; &#x645; &#x6CC;</subfield>
    <subfield code="p">A-794936</subfield>
    <subfield code="r">2016-02-19 00:00:00</subfield>
    <subfield code="t">1</subfield>
    <subfield code="v">40.00</subfield>
    <subfield code="w">2016-02-19</subfield>
    <subfield code="y">UR</subfield>
  </datafield>
</record>
